| 000 | 00715nam a2200241 i 4500 | ||
|---|---|---|---|
| 001 | 134762 | ||
| 003 | ES-MaACL | ||
| 005 | 20230906194735.0 | ||
| 007 | t| | ||
| 008 | 070913s1987 sp ||||1| spa d | ||
| 020 | _a84-7658-035-5 | ||
| 080 | _a7.033(46)(04) | ||
| 100 | 1 |
_aYarza Luaces, Joaquín. _9117586 |
|
| 245 | 1 | 0 |
_aFormas formas artísticas de lo imaginario / _cJoaquín Yarza Luaces. |
| 250 | _a1ª ed. | ||
| 260 |
_aBarcelona : _bAnthropos, _c1987. |
||
| 300 |
_a292 p. : _bil. ; _c20 cm. |
||
| 490 | 1 |
_aPalabra plástica ; _v9 |
|
| 650 | 1 | 4 |
_aArte medieval- _xIconografía. _910243 |
| 830 | 0 |
_aPalabra plástica ; _v9 _9177413 |
|
| 852 |
_aES-MaACL _jL-12329 _bR.114120 |
||
| 999 |
_c134762 _d134762 |
||